All Nations Represented in the 2024/25 Italian Serie A - Statistics

General Stats
  • This quiz has been taken 58 times
    48 since last reset
  • The average score is 58 of 72
Answer Stats
Hint Answer % Correct
11 England
100%
39 France
100%
183 Italy
100%
26 Spain
100%
8 Brazil
98%
11 Germany
98%
2 Mexico
98%
4 Slovenia
98%
25 Argentina
95%
6 Austria
95%
7 Colombia
95%
11 Belgium
95%
1 Japan
95%
14 Netherlands
95%
4 Norway
95%
12 Portugal
95%
10 Serbia
95%
10 Sweden
95%
5 United States of America
95%
3 Chile
93%
15 Croatia
93%
13 Denmark
93%
4 Greece
93%
4 Slovakia
93%
4 Türkiye
93%
3 Ukraine
93%
3 Uruguay
93%
2 Australia
91%
2 Bosnia & Herzegovina
91%
2 Finland
91%
1 Ireland
91%
12 Poland
91%
5 Scotland
91%
8 Switzerland
91%
7 Albania
88%
1 Ecuador
88%
1 Hungary
88%
7 Morocco
88%
1 Venezuela
88%
2 Czechia
86%
2 Kosovo
86%
1 New Zealand
86%
5 Nigeria
86%
7 Romania
86%
9 Côte d'Ivoire
81%
4 Ghana
81%
3 Montenegro
81%
2 Tunisia
81%
3 Senegal
79%
3 Cameroon
74%
1 North Macedonia
74%
1 Iran
72%
7 Iceland
70%
1 Lithuania
70%
1 Armenia
67%
3 Republic of the Congo
67%
3 Angola
65%
1 Guinea
65%
1 Mali
65%
2 Georgia
63%
1 Saudi Arabia
63%
1 Uzbekistan
63%
1 Israel
60%
1 The Gambia
60%
2 Cyprus
56%
2 Zambia
53%
1 Indonesia
51%
1 Equatorial Guinea
44%
1 Guinea-Bissau
44%
1 Zimbabwe
44%
1 Cape Verde
30%
1 Suriname
30%
No matching quizzes found
Score Distribution
Percent of People with Each Score
Percentile by Number Answered
Your Score History
You have not taken this quiz since the last reset